Friends Cast (With Pictures) EASY - Statistics

General Stats
  • This quiz has been taken 91 times
  • The average score is 8 of 17
Answer Stats
Picture Answer % Correct
Chandler Bing
98%
Joey Tribbiani
70%
Phoebe Buffay
65%
Rachel Green
65%
Gunther
64%
Monica Gellar
51%
Ross Gellar
51%
Tag Jones
48%
Ben Gellar
44%
Jack Gellar
38%
Judy Gellar
38%
Mike Hannigan
38%
Amy Green
36%
Richard Burke
23%
Carol Willick
20%
Charlie Wheeler
10%
Janice Hosenstein
5%
No matching quizzes found
Score Distribution
Percent of People with Each Score
Percentile by Number Answered
Your Score History
You have not taken this quiz